Normal view
MARC view
Entry Geographic Name
001 - CONTROL NUMBER
- control field: 20070
003 - CONTROL NUMBER IDENTIFIER
- control field: ARRUPE
005 - DATE AND TIME OF LATEST TRANSACTION
- control field: 20151006092720.0
008 - FIXED-LENGTH DATA ELEMENTS
- fixed length control field: 151006|| aca||aabn | a|a d
040 ## - CATALOGING SOURCE
- Original cataloging agency: ARRUPE
- Transcribing agency: ARRUPE
151 ## - HEADING--GEOGRAPHIC NAME
- Geographic name: Sibou (Kenya)
- General subdivision: Social conditions.
670 ## - SOURCE DATA FOUND
- Source citation: Work cat.: (ARRUPE)0: Moore, Henrietta L. 6135, Space, text, and gender :, 1986.